000 01453nam0a22003851 4500
001 RU\NLR\bibl\2045739
005 20250616220621.0
010 _a978-5-17-077729-7
_bС.: ВПЗм
_91500
010 _a978-5-17-076774-8
_91000
_bС.: ВПЗ
021 _aRU
_b2013-40095
_92756
021 _aRU
_b2013-39082
_9360д/13
035 _a(nilc)RuMoRGB-006582987
035 _a(NLR Aleph) 002032913
090 _a4559165
_c4559165
100 _a20130527d2013 |||y0rusy50 ca
101 0 _arus
_achi
102 _aRU
105 _ay zzzz|||||
200 1 _a500 китайских слов
_eСамый простой самоучитель китайского языка
_fавт.-сост.: Н.Н. Воропаев, Ма Тяньюй
210 _aМосква
_cАСТ
_cLingua
_d2013
215 _a220 с.
320 _aБиблиогр. в конце кн.
606 1 _aКитайский язык
_jУчебные издания для самообразования
_91333944
_3RU\NLR\auth\66555196
686 _aШ171.1-93рус8
702 1 _aВоропаев
_bН. Н.
_gНиколай Николаевич
_4220
801 0 _aRU
_bRuMoRKP
_c20130527
_gRCR
801 2 _aRU
_bРГБ
_c20130610
_grcr
801 1 _aRU
_bRuMoRKP
_c20130527
_2rusmarc
801 2 _aRU
_bNLR
_c20130621
_grcr
852 _aNLR
_bОЛСАА-кит.
_j2-13329
942 _cBOOK
980 _aNB
980 1 _aCHIN